Português 1 (Record no. 143839)

MARC details
000 -LÍDER
campo de controle de tamanho fixo 00561 a2200181 4500
001 - NÚMERO DE CONTROLE
campo de controle 143839
040 ## - FONTE DA CATALOGAÇÃO
Instituição que transcreveu o registro Leonardo Da Vinci
041 ## - CÓDIGO DE IDIOMA
Código do idioma do texto/trilha sonora ou título diferente Português
082 ## - CDD - CLASSIFICAÇÃO DECIMAL DE DEWEY
Número de Classificação AP469.5 S278p
Número do exemplar S278p
100 ## - ENTRADA PRINCIPAL--NOME PESSOAL
Nome pessoal SAVIOLI, Francisco Platão
-- CARVALHO, Paulo César de
-- CALBUCCI, Eduardo
-- LOPES,Eduardo Antonio
-- RODRIGUES, Antonio Medina
-- CASTRO, Dácio Antonio de
245 ## - TÍTULO
Título Português 1
250 ## - EDIÇÃO
Edição LT
260 ## - PUBLICAÇÃO, DISTRIBUIÇÃO, ETC.
Nome do editor, distribuidor, etc. Anglo
Data da publicação, distribuição, etc. 2005
Local de publicação, distribuição, etc. São Paulo
300 ## - DESCRIÇÃO FÍSICA
Extensão 285
362 ## - DATAS DE PUBLICAÇÃO E/OU DESIGNAÇÃO SEQUENCIAL
Datas de publicação e/ou designação sequencial 20090514
697 ## - ENTRADA DE ASSUNTO LOCAL--ENTIDADE COLETIVA (RLIN)
Nome corporativo ou nome da jurisdição Português
-- Gramática
-- Texto
-- Redação
-- Literatura
942 ## - ELEMENTOS DE ENTRADA ADICIONADOS (KOHA)
Tipo de material Koha Livros
Holdings
Situação do descarte Situação das perdas Situação física Não pode ser emprestado Biblioteca de origem Biblioteca atual Data de aquisição Total de empréstimos Número de chamada completo Código de barras Data de último acesso Data do preço efetivo Tipo de material Koha
        Leonardo Da Vinci - Osasco Leonardo Da Vinci - Osasco 27/03/2024   AP469.5 S278p AP2418 27/03/2024 27/03/2024 Livros
        Leonardo Da Vinci - Osasco Leonardo Da Vinci - Osasco 27/03/2024   AP469.5 S278p AP3294 27/03/2024 27/03/2024 Livros